| 000 | 01240nam a2200361 a 4500 | ||
|---|---|---|---|
| 001 | 000110434 | ||
| 003 | CHAP | ||
| 005 | 20220329144133.0 | ||
| 008 | 140828s2007 mx a |r| |||||||spa|d | ||
| 010 | _a106896 | ||
| 011 | _a107868 | ||
| 020 | _a9789707530836 | ||
| 040 | _cCHAP | ||
| 090 | _aFolleto 18451 | ||
| 100 | 1 |
_aAlvarado Solís, Neyra Patricia _9127998 |
|
| 245 | 1 | 0 |
_aMexicaneros / _cpor Neyra Patricia alvarado Solís. |
| 260 | 3 |
_aMéxico, D.F. : _bComisión Nacional para el Desarrollo de los Pueblos Indígenas, _c2007. |
|
| 300 |
_a46 p. : _bil. |
||
| 490 | 0 | _aPueblos Indígenas del México Contemporáneo | |
| 590 |
_aBATCH-UPD _b05 _c20140828 _lUCH01 _h1059 |
||
| 590 |
_aE792CSJ _b05 _c20140828 _lUCH01 _h1019 |
||
| 590 |
_aE792CSJ _b05 _c20140828 _lUCH01 _h1058 |
||
| 650 | 1 | 4 |
_aIndios de Durango _xMexicaneros. _9128038 |
| 650 | 1 | 4 |
_aMexicaneros _xEconomía. _9128042 |
| 650 | 1 | 4 |
_aMexicaneros _xHistoria. _9128043 |
| 650 | 1 | 4 |
_aMexicaneros _xOrganización social. _9128040 |
| 650 | 1 | 4 |
_aMexicaneros _xReligión y mitología. _9128041 |
| 650 | 1 | 4 |
_aMexicaneros _xVida social y costumbres. _9128039 |
| 830 | 0 |
_aPueblos Indígenas del México Contemporáneo _992892 |
|
| 901 | _aBK | ||
| 942 | _cFOLL | ||
| 942 | _n0 | ||
| 999 |
_c106896 _d106896 |
||